Construction news (Record no. 66768)

MARC details
000 -LEADER
fixed length control field 00971cam a2200205 4500
001 - CONTROL NUMBER
control field ABS63815
008 - FIXED-LENGTH DATA ELEMENTS--GENERAL INFORMATION
fixed length control field 000000n2001 000 0 eng u
035 ## - SYSTEM CONTROL NUMBER
System control number (Sirsi) u112114
100 ## - MAIN ENTRY--PERSONAL NAME
Personal name Dalziel, R.
245 ## - TITLE STATEMENT
Title Construction news
260 ## - PUBLICATION, DISTRIBUTION, ETC.
Date of publication, distribution, etc. 2001
490 ## - SERIES STATEMENT
Series statement Private Finance Initiative Journal
Volume/sequential designation 6(1) March/April 2001, 74-76(3)
520 ## - SUMMARY, ETC.
Summary, etc. Reviews the work of Teamwork 2000 set up in April 2000 by Paul Fletcher which aimed to show how collaborative working in the construction industry could work successfully. It has been succeeded by Teamwork 2001 which is to investigate building performance, buildabiity and the integration of special contractors. A Live Week 2001 is planned for June 2001 including webconferences for non-members. For further details see http://www.team-work.org.uk
590 ## - LOCAL NOTE (RLIN)
Local note ABS
650 ## - SUBJECT ADDED ENTRY--TOPICAL TERM
Topical term or geographic name entry element TEAMWORK
650 ## - SUBJECT ADDED ENTRY--TOPICAL TERM
Topical term or geographic name entry element CONSTRUCTION INDUSTRY
650 ## - SUBJECT ADDED ENTRY--TOPICAL TERM
Topical term or geographic name entry element DEMONSTRATION PROJECTS
690 ## - LOCAL SUBJECT ADDED ENTRY--TOPICAL TERM (OCLC, RLIN)
Topical term or geographic name as entry element Procurement
9 (RLIN) 6260
942 ## - ADDED ENTRY ELEMENTS (KOHA)
Suppress in OPAC 0
Holdings
Withdrawn status Lost status Source of classification or shelving scheme Damaged status Not for loan Home library Current library Shelving location Date acquired Total Checkouts Full call number Barcode Date last seen Copy number Price effective from Koha item type
    Dewey Decimal Classification     London London Journal article 23/04/2001   ABS63815 112114-1001 06/08/2019 1 06/08/2019 Journal article